| 000 | 00705nam a2200241 a 4500 | ||
|---|---|---|---|
| 001 | 66015 | ||
| 003 | BD-RjUL | ||
| 005 | 20211209081506.0 | ||
| 008 | 170313s1999 ii ||||| |||| 001 0 eng d | ||
| 020 | _a8176220272 | ||
| 035 | _a(BD-RjUL)66145 | ||
| 040 |
_aBD-RjUL _beng _cBD-RjUL _dBD-RjUL |
||
| 041 | _aeng | ||
| 082 |
_223 _a595.789 _bSCB 1999 |
||
| 100 |
_aScudder, Samuel H _9195274 |
||
| 245 | 1 | 0 |
_aButterflies their structure, changes, and life histories / _cSamuel H Scudder |
| 260 |
_aDelhi : _bBiotech Books, _cc1999 |
||
| 300 |
_a322 p. : _bill, ; _c24 cm. |
||
| 500 | _aInclude index | ||
| 650 |
_aButterflies _9195275 |
||
| 650 |
_aBiologie Schmetterlinge _9195276 |
||
| 942 |
_2ddc _cBK |
||
| 999 |
_c66015 _d66015 |
||